|
|
|
|
| LEADER |
01742nam a2200421 i 4500 |
| 001 |
EBC1446482 |
| 003 |
MiAaPQ |
| 005 |
20200520144314.0 |
| 006 |
m o d | |
| 007 |
cr cnu|||||||| |
| 008 |
160722t20102010flua ob 001 0 eng d |
| 020 |
|
|
|z 9781420092837
|
| 020 |
|
|
|a 9781439894569
|q (electronic bk.)
|
| 035 |
|
|
|a (MiAaPQ)EBC1446482
|
| 035 |
|
|
|a (Au-PeEL)EBL1446482
|
| 035 |
|
|
|a (CaPaEBR)ebr11166030
|
| 035 |
|
|
|a (OCoLC)908077534
|
| 040 |
|
|
|a MiAaPQ
|b eng
|e rda
|e pn
|c MiAaPQ
|d MiAaPQ
|
| 050 |
|
4 |
|a HV8290
|b .P877 2010
|
| 082 |
0 |
|
|a 363.3
|2 22
|
| 100 |
1 |
|
|a Purpura, Philip P.,
|d 1950-
|e author.
|
| 245 |
1 |
0 |
|a Security :
|b an introduction /
|c Philip P. Purpura.
|
| 264 |
|
1 |
|a Boca Raton, Florida ;
|a London, [England] ;
|a New York :
|b CRC Press,
|c 2010.
|
| 264 |
|
4 |
|c 2010
|
| 300 |
|
|
|a 1 online resource (640 pages) :
|b illustrations
|
| 336 |
|
|
|a text
|2 rdacontent
|
| 337 |
|
|
|a computer
|2 rdamedia
|
| 338 |
|
|
|a online resource
|2 rdacarrier
|
| 504 |
|
|
|a Includes bibliographical references at the end of each chapters and index.
|
| 588 |
|
|
|a Description based on print version record.
|
| 590 |
|
|
|a Electronic reproduction. Ann Arbor, MI : ProQuest, 2016. Available via World Wide Web. Access may be limited to ProQuest affiliated libraries.
|
| 650 |
|
0 |
|a Private security services.
|
| 650 |
|
0 |
|a Crime prevention.
|
| 650 |
|
0 |
|a Security systems.
|
| 655 |
|
4 |
|a Electronic books.
|
| 776 |
0 |
8 |
|i Print version:
|a Purpura, Philip P., 1950-
|t Security : an introduction.
|d Boca Raton, Florida ; London, [England] ; New York : CRC Press, c2010
|h xxv, 611 pages
|z 9781420092837
|w 2010032014
|
| 797 |
2 |
|
|a ProQuest (Firm)
|
| 856 |
4 |
0 |
|u https://ebookcentral.proquest.com/lib/matrademy/detail.action?docID=1446482
|z Click to View
|